000 00241nmm a2200097Ia 4500
008 220120s9999||||xx |||||||||||||||||und||
082 _a00 5.133 RIN
100 _aRinehart, Martin
_91295
245 0 _aJava database development
260 _c2000
999 _c139038
_d139038